Výhrady Slovenskej republiky k medzinárodným zmluvám

Výhrady a námietky Slovenskej republiky voči medzinárodným zmluvám, ktoré Slovenská republika "zdedila" po bývalej Československej socialistickej republike. Aktuálne námietky proti výhradám uplatnené Slovenskou republikou. Kodifikácia pravidiel zmluvného práva a prijatie Viedenského dohovoru o zmluv...

Descrizione completa

Salvato in:
Dettagli Bibliografici
Autore principale: Mrázová, Ivana
Natura: Capitolo di libro
Lingua:slovacco
Soggetti:
Tags: Aggiungi Tag
Nessun Tag, puoi essere il primo ad aggiungerne!!

MARC

LEADER 00000nla$a2200000$$$4500
001 0110927
005 20221207081517.2
041 0 |a slo 
044 |a SK 
245 1 0 |a Výhrady Slovenskej republiky k medzinárodným zmluvám  |c Ivana Mrázová 
520 |a Výhrady a námietky Slovenskej republiky voči medzinárodným zmluvám, ktoré Slovenská republika "zdedila" po bývalej Československej socialistickej republike. Aktuálne námietky proti výhradám uplatnené Slovenskou republikou. Kodifikácia pravidiel zmluvného práva a prijatie Viedenského dohovoru o zmluvnom práve z roku 1969. 
610 2 0 |a Slovensko 
610 2 0 |a zmluvy medzinárodné 
610 2 0 |a kodifikácia práva 
610 2 0 |a ochrana ľudských práv 
610 2 0 |a právo zmluvné 
610 2 0 |a zodpovednosť právna 
100 1 |a Mrázová, Ivana